MARC details
| 000 -LEADER |
| fixed length control field |
02107namaa2200409uu 4500 |
| 001 - CONTROL NUMBER |
| control field |
doab121403 |
| 003 - CONTROL NUMBER IDENTIFIER |
| control field |
oapen |
| 005 - DATE AND TIME OF LATEST TRANSACTION |
| control field |
20260218110450.0 |
| 006 - FIXED-LENGTH DATA ELEMENTS--ADDITIONAL MATERIAL CHARACTERISTICS |
| fixed length control field |
m o d |
| 007 - PHYSICAL DESCRIPTION FIXED FIELD--GENERAL INFORMATION |
| fixed length control field |
cr|mn|---annan |
| 008 - FIXED-LENGTH DATA ELEMENTS--GENERAL INFORMATION |
| fixed length control field |
231116s2024 xx |||||o ||| 0|eng d |
| 020 ## - INTERNATIONAL STANDARD BOOK NUMBER |
| International Standard Book Number |
978-3-031-38968-9 |
| 020 ## - INTERNATIONAL STANDARD BOOK NUMBER |
| International Standard Book Number |
9783031389672 |
| 020 ## - INTERNATIONAL STANDARD BOOK NUMBER |
| International Standard Book Number |
9783031389689 |
| 024 7# - OTHER STANDARD IDENTIFIER |
| Standard number or code |
10.1007/978-3-031-38968-9 |
| Source of number or code |
doi |
| 040 ## - CATALOGING SOURCE |
| Original cataloging agency |
oapen |
| Transcribing agency |
oapen |
| Modifying agency |
|
| 041 0# - LANGUAGE CODE |
| Language code of text/sound track or separate title |
eng |
| 042 ## - AUTHENTICATION CODE |
| Authentication code |
dc |
| 245 00 - TITLE STATEMENT |
| Title |
Organization in Biology |
| 260 ## - PUBLICATION, DISTRIBUTION, ETC. |
| Place of publication, distribution, etc. |
Cham |
| Name of publisher, distributor, etc. |
Springer Nature |
| Date of publication, distribution, etc. |
2024 |
| 300 ## - PHYSICAL DESCRIPTION |
| Extent |
1 online resource (333 p.) |
| 336 ## - CONTENT TYPE |
| Content type term |
text |
| Content type code |
txt |
| Source |
rdacontent |
| 337 ## - MEDIA TYPE |
| Media type term |
computer |
| Media type code |
c |
| Source |
rdamedia |
| 338 ## - CARRIER TYPE |
| Carrier type term |
online resource |
| Carrier type code |
cr |
| Source |
rdacarrier |
| 490 1# - SERIES STATEMENT |
| Series statement |
History, Philosophy and Theory of the Life Sciences |
| 506 0# - RESTRICTIONS ON ACCESS NOTE |
| Standardized terminology for access restriction |
Unrestricted online access |
| Source of term |
star |
| 520 ## - SUMMARY, ETC. |
| Summary, etc. |
This open access book assesses the prospects of (re)adopting organization as a pivotal concept in biology. It shows how organization can nourish biological thinking and practice, by reconnecting with the idea of biology as the science of organized systems. The book provides a comprehensive state-of-the-art picture of the characterizations and uses of the concept of organization in both biological science and philosophy of biology. It also deals with a variety of themes - including evolution, organogenesis, heredity, cognition and ecology - with respect to which the concept of organization can guide the elaboration of original models and new experimental protocols. It will be of interest to biologists and scholars working in philosophy of science alike. |
| 540 ## - TERMS GOVERNING USE AND REPRODUCTION NOTE |
| Terms governing use and reproduction |
Creative Commons |
| -- |
by/4.0/ |
| -- |
cc |
| Uniform Resource Identifier |
<a href="http://creativecommons.org/licenses/by/4.0/">http://creativecommons.org/licenses/by/4.0/</a> |
| 546 ## - LANGUAGE NOTE |
| Language note |
English |
| 650 #7 - SUBJECT ADDED ENTRY--TOPICAL TERM |
| Topical term or geographic name entry element |
Biology, life sciences |
| Source of heading or term |
bicssc |
| 650 #7 - SUBJECT ADDED ENTRY--TOPICAL TERM |
| Topical term or geographic name entry element |
Philosophy |
| Source of heading or term |
bicssc |
| 720 1# - ADDED ENTRY--UNCONTROLLED NAME |
| Name |
Mossio, Matteo |
| Relator code |
edt |
| 720 1# - ADDED ENTRY--UNCONTROLLED NAME |
| Name |
Mossio, Matteo |
| Relator code |
oth |
| 793 0# - |
| -- |
DOAB Library. |
| 856 ## - ELECTRONIC LOCATION AND ACCESS |
| Uniform Resource Identifier |
<a href="https://docs.google.com/spreadsheets/d/1yKIrdCPDAG_9c22mwoOIO2DOhtj65Wqa/edit?usp=sharing&ouid=106555315294820607512&rtpof=true&sd=true ">https://docs.google.com/spreadsheets/d/1yKIrdCPDAG_9c22mwoOIO2DOhtj65Wqa/edit?usp=sharing&ouid=106555315294820607512&rtpof=true&sd=true </a> |
| Link text |
List of Curated E-Books |
| 942 ## - ADDED ENTRY ELEMENTS (KOHA) |
| Koha item type |
E-Book |